LEADER 01316nas a2200229 i 4500 001 000000150494 003 CaOOAMICUS 005 20071203000000.0 008 060517b2006 it uu u0 0ita r 013 $a127832 040 $aSeMil$bita 245 10$aStefano Ticozzi (1762-1836) ... ; Gli Stoppa di Bellano a Verona ; Una dimora neoclassica in Brianza :$bVilla Cioja a Missaglia ; Carlo Adamoli ... ; Una rara edizione pirata francese de "I Promessi Sposi" ; Tra Lecco e Trezzo .. 260 $aOggiono (LC) :$bCattaneo,$c2006. 300 $a143 p. :$bill. ;$c24 cm. 500 $aIn cofanetto con l'intera annata 2006. - Titoli dalla copertina. 773 0 $tArchivi di Lecco e della Provincia.$dOggiono (LC) : Cattaneo, 2004.$x1824-7059$w()15039 774 0 $t[vedi periodico].$w()264266 850 $aSeMil 852 $aSeMil$W1$xVenegono$y1$m97 2 30$j102634$B102634$CSeMilBibl$Z2$F129444 $85 961 $aAbbonamento: Cattaneo Editore 996 $6245$aStefano Ticozzi (1762-1836) ... ; Gli Stoppa di Bellano a Verona ; Una dimora neoclassica in Brianza :$bVilla Cioja a Missaglia ; Carlo Adamoli ... ; Una rara edizione pirata francese de "I Promessi Sposi" ; Tra Lecco e Trezzo ..$9(OLS)http://semarc/title/220058 996 $6260$aOggiono (LC) :$bCattaneo$9(OLS)http://semarc/publisher/33326 LEADER 01223nam a2200277 i 4500 001 000000172885 003 CaOOAMICUS 005 20080703000000.0 008 080703s1997 it u000 u ita u 013 $a150330 020 $a88-215-3500-2 040 $aSeMil$bita 100 1 $aRobuschi, Riccardo.$0(OLS)http://semarc/name/64620 245 12$aL'ellenismo e i Maccabei :$bscontro fra due culture /$cRiccardo Robuschi. 260 $aCinisello Balsamo :$bSan Paolo,$c1997. 300 $a69 p. ;$c20 cm. 490 0 $aLa Bibbia nelle nostre mani ;$v4 500 $aContiene : Bibliografia. 650 4$aBibbia. Antico Testamento. Maccabei - Commentari, studi, critica, interpretazioni.$0(OLS)http://semarc/subject/4774 830 3$aLa Bibbia nelle nostre mani ;$v4.$0(OLS)http://semarc/title/10281 850 $aSeMil 852 $aSeMil$W1$xVenegono$y1$m2V II 217$j123737$B123737$CSeMilBibl$Z2$F135708 $81 961 $aOmaggio: Biblioteca Ambrosiana 996 $6020$a88-215-3500-2$9(OLS)http://semarc/number/160442 996 $6245$aL'ellenismo e i Maccabei :$bscontro fra due culture$9(OLS)http://semarc/title/247680 996 $6260$aCinisello Balsamo :$bSan Paolo$9(OLS)http://semarc/publisher/30129